Uso del sistema de posicionamiento global (GPS) para determinar indicadores de operación relacionados con los tiempos de viaje del sistema de transporte especial de la Universidad de Costa Rica
Sábháilte in:
| Príomhchruthaitheoir: | |
|---|---|
| Formáid: | LEABHAR |
| Teanga: | Spanish |
| Foilsithe / Cruthaithe: |
[San José ], Costa Rica
2018
|
| Ábhair: | |
| Clibeanna: |
Cuir clib leis
Níl clibeanna ann, Bí ar an gcéad duine le clib a chur leis an taifead seo!
|
MARC
| LEADER | 00000nam a22000007a 4500 | ||
|---|---|---|---|
| 003 | 012922 | ||
| 005 | 20221231144349.0 | ||
| 008 | 180912b2018 cr a|||| ||m| 00| ||spa d | ||
| 040 | |c cru CEDI | ||
| 090 | |a TFG 8074 | ||
| 100 | |9 13852 |a Chavarría Carranza, María Alejandra | ||
| 245 | |a Uso del sistema de posicionamiento global (GPS) para determinar indicadores de operación relacionados con los tiempos de viaje del sistema de transporte especial de la Universidad de Costa Rica | ||
| 260 | |a [San José ], Costa Rica |c 2018 | ||
| 300 | |a xviii, 344 hojas :ilustraciones a color | ||
| 500 | |a Proyecto de graduación (licenciatura en ingeniería civil)--Universidad de Costa Rica. Facultad de Ingeniería. Escuela de Ingeniería Civil | ||
| 501 | |a Director del Proyecto Ing. Henry Hernández Vega | ||
| 650 | |x SISTEMA GLOBAL DE POSICIONAMIENTO |x INGENIERÍA DEL TRÁNSITO |x ESTUDIO DE TIEMPOS |x AUTOBUSES |x UNIVERSIDAD DE COSTA RICA |x ESTUDIANTES UNIVERSITARIOS - TRANSPORTE |x CALIDAD DEL SERVICIO |9 13853 | ||
| 942 | |c TFG | ||
| 999 | |c 20761 |d 20761 | ||
